| 000 | 01092nam a22004090a 4500 | ||
|---|---|---|---|
| 001 | PT46367 | ||
| 003 | AR-LpoUNG | ||
| 005 | 20210201010356.0 | ||
| 008 | 201001s2010||||ag |||||||||||||||||spa d | ||
| 020 |
_a9789875580480 _c$7 |
||
| 040 |
_aAR-LpoUNG _bspa _eaacr |
||
| 041 | _aspa | ||
| 044 | _aag | ||
| 082 | 0 | _a909 577his | |
| 100 | 1 | _aBianchi, Susana | |
| 245 | 1 | 0 |
_aHistoria social del mundo occidental : _bdel feudalismo a la sociedad contemporánea |
| 250 | _a1ª ed., 4ª reimp. | ||
| 260 |
_aBuenos Aires : _bUniversidad Nacional de Quilmes, _c2010. |
||
| 300 |
_a279 p. : _bil., gráfs. _3Impreso |
||
| 490 | 0 |
_aCuadernos universitarios ; _vno.10 |
|
| 650 | 4 | _aBURGUESIA | |
| 650 | 4 | _aCAPITALISMO | |
| 650 | 4 | _aCOMUNISMO | |
| 650 | 4 | _aCRISIS POLITICA | |
| 650 | 4 | _aCRISIS SOCIAL | |
| 650 | 4 | _aGUERRA CIVIL | |
| 650 | 4 | _aHISTORIA SOCIAL | |
| 650 | 4 | _aIGLESIA | |
| 650 | 4 | _aINDUSTRIALIZACION | |
| 650 | 4 | _aREVOLUCION | |
| 650 | 4 | _aSOCIALISMO | |
| 650 | 4 | _aSOCIEDAD | |
| 651 | 4 | _aMundial | |
| 653 | _aFEUDALISMO | ||
| 905 | _a46367 | ||
| 942 | _cLSALA | ||
| 999 |
_c51084 _d51084 |
||